| 000 | 00483nam a2200169 a 4500 | ||
|---|---|---|---|
| 005 | 20240924064252.0 | ||
| 008 | 991125s1964 fr 000 0 eng u | ||
| 035 | _aUPN01000014805 | ||
| 049 | _aCG | ||
| 050 | 4 |
_aLB1570 _bD46 |
|
| 245 | 0 | 0 |
_aDevelopment plans and programmes : _bsome case studies and experiences. |
| 260 |
_aParís : _bOCDE, _c1964. |
||
| 300 | _a219 p. | ||
| 440 | 0 |
_aStudies in development ; _v1 |
|
| 650 | 4 |
_aEducación _vPlanes y programas _96413 |
|
| 905 | _aLibro | ||
| 999 |
_c14805 _d14805 |
||